Costumes de Mask Singer - Mort Subite #1 - Statistiques

Statistiques générales
  • Ce quiz a été pris 211 fois
    42 depuis la dernière actualisation
  • Le résultat moyen est 11 sur 20
Answers on the Grid
Answers color-coded by a green-red scale on the quiz's grid according to % correct below.
Manchot
Husky
Lion
Robot
Castor
Banane
Taupe
Chenille
Chameau
Épouvantail
Main
Geishamouraï
Vache
Chaton
Pain d'épices
Bernard l'hermite
Ballerine
Cobra
Kangourou
Cyclope
Glace
Sirène
Radis
Momie
Caniche
Taco
Piment
Ours en peluche
Mouton
Fée
Étoile de mer
Chauve-souris
Hot-dog
Dauphin
Sphinx
Cactus
Renne
Poussin
Ange
Chandelier
 
Statistiques - réponses
Réponse % Correct
Bernard l'hermite
68%
Chaton
68%
Geishamouraï
68%
Robot
68%
Chameau
63%
Husky
63%
Lion
63%
Taupe
63%
Cyclope
58%
Épouvantail
58%
Manchot
58%
Pain d'épices
58%
Banane
53%
Castor
53%
Chenille
53%
Main
53%
Ballerine
42%
Vache
42%
Cobra
37%
Kangourou
26%
Aucun quiz correspondant
Distribution des résultats
% des personnes avec chaque résultat
Percentile par nombre de réponses
Votre historique - résultats
Vous n’avez pas pris ce quiz depuis la dernière actualisation